[Event "35. DSenEM 50+"]
[Site "Bad Wildungen"]
[Date "2023.07.19"]
[Round "3.3"]
[White "Wacker, Peter"]
[Black "Fabig, Holger"]
[Result "1-0"]
[WhiteElo "2285"]
[BlackElo "1928"]
[PlyCount "71"]
[EventDate "2023.??.??"]
[WhiteTeam "Klub Koelner Schachfreunde e. V."]
[BlackTeam "SK Marmstorf GW Harburg"]

1. e4 e6 2. d4 b6 3. Nf3 Bb7 4. Bd3 Nf6 5. e5 Nd5 6. O-O c5 7. c4 Nb4 8. Be2 cxd4 9. Nxd4 N4c6 10. Nf3 d6 11. a3 Na6 12. exd6 Bxd6 13. b4 Ne5 14. Bb2 Nxf3+ 15. Bxf3 Bxf3 16. Qxf3 O-O 17. Qg4 e5 18. Qe2 Qc8 19. Nc3 Nc7 20. Ne4 Qe6 21. Nxd6 Qxd6 22. Bxe5 Qe7 23. Rfe1 Rfe8 24. Qg4 f6 25. Bc3 Qf7 26. h3 f5 27. Qg3 g6 28. Be5 Rac8 29. c5 bxc5 30. bxc5 Ne6 31. Bb2 h5 32. Qc3 Kh7 33. c6 Rc7 34. Rac1 g5 35. Qc4 Nd8 36. Qxf7+ 1-0

[Event "35. DSenEM 50+"]
[Site "Bad Wildungen"]
[Date "2023.07.19"]
[Round "3.4"]
[White "von Kiedrowski, Klemens"]
[Black "Syre, Christian"]
[Result "0-1"]
[WhiteElo "2069"]
[BlackElo "2169"]
[PlyCount "56"]
[EventDate "2023.??.??"]
[WhiteTeam "SAbt TG 1949 Wehlheiden"]
[BlackTeam "SC Kreuzberg e.V."]

1. b3 e5 2. Bb2 Nc6 3. e3 Nf6 4. Bb5 Bd6 5. Ne2 a6 6. Bxc6 dxc6 7. O-O Qe7 8. a4 Bd7 9. f4 O-O-O 10. a5 exf4 11. Nxf4 Ng4 12. h3 Nxe3 13. dxe3 Qxe3+ 14. Kh1 Bxf4 15. Qd4 Qxd4 16. Bxd4 Bh6 17. Bc5 Be6 18. Ra4 Rd5 19. Bg1 Rhd8 20. Nc3 Rd2 21. Ra2 f6 22. Ne4 Rd1 23. Ra1 Rxa1 24. Rxa1 Bf5 25. Re1 Bg6 26. Nc5 Re8 27. Rxe8+ Bxe8 28. Bh2 Bf7 0-1

[Event "35. DSenEM 50+"]
[Site "Bad Wildungen"]
[Date "2023.07.19"]
[Round "3.5"]
[White "Schatz, Christian"]
[Black "Marquardt, Christian"]
[Result "1/2-1/2"]
[WhiteElo "2168"]
[BlackElo "1995"]
[Annotator "hugo5"]
[PlyCount "27"]
[EventDate "2023.??.??"]
[WhiteTeam "SC Postbauer-Heng e.V."]
[BlackTeam "SV 03/25 Koblenz"]

1. Nf3 Nf6 2. d4 e6 3. g3 b5 4. Bg2 Bb7 5. O-O Be7 6. a4 b4 7. c4 bxc3 8. bxc3 c5 9. Ba3 Na6 10. Nbd2 O-O 11. Nb3 cxd4 12. Bxe7 Qxe7 13. cxd4 Rab8 14. Nfd2 {(=)} 1/2-1/2

[Event "35. DSenEM 50+"]
[Site "Bad Wildungen"]
[Date "2023.07.19"]
[Round "3.6"]
[White "Balzer, Lars"]
[Black "Lindam, Ingo"]
[Result "1/2-1/2"]
[WhiteElo "2016"]
[BlackElo "2136"]
[Annotator "hugo5"]
[PlyCount "34"]
[EventDate "2023.??.??"]
[WhiteTeam "OSG Baden-Baden"]
[BlackTeam "Schachclub Hilchenbach"]

1. e4 c5 2. Nc3 Nc6 3. f4 g6 4. Nf3 Bg7 5. Bb5 Nd4 6. O-O a6 7. Bd3 d6 8. Nxd4 cxd4 9. Ne2 Nf6 10. Kh1 O-O 11. Qe1 e5 12. c3 Re8 13. fxe5 dxe5 14. Bc4 Be6 15. Bxe6 Rxe6 16. cxd4 exd4 17. d3 Rc8 {(=)} 1/2-1/2

[Event "35. DSenEM 50+"]
[Site "Bad Wildungen"]
[Date "2023.07.19"]
[Round "3.7"]
[White "Roettinger, Eugen"]
[Black "Baer, Marco"]
[Result "1/2-1/2"]
[WhiteElo "1965"]
[BlackElo "2079"]
[Annotator "hugo5"]
[PlyCount "32"]
[EventDate "2023.??.??"]
[WhiteTeam "TG Biberach 1847 e.V."]
[BlackTeam "Schachclub Bayer Leverkusen e.V."]

1. d4 e6 2. Bf4 Nf6 3. e3 c5 4. c3 Be7 5. Nd2 O-O 6. h3 b6 7. Ngf3 Bb7 8. Bd3 cxd4 9. exd4 d6 10. Qe2 Nbd7 11. O-O Re8 12. Rad1 Bf8 13. Bb1 h6 14. Ne4 Nxe4 15. Bxe4 Bxe4 16. Qxe4 Nf6 {(=)} 1/2-1/2

[Event "35. DSenEM 50+"]
[Site "Bad Wildungen"]
[Date "2023.07.19"]
[Round "3.8"]
[White "Koschetzki, Christian"]
[Black "Heck, Norbert"]
[Result "0-1"]
[WhiteElo "1950"]
[BlackElo "2199"]
[PlyCount "32"]
[EventDate "2023.??.??"]
[WhiteTeam "SVG Salzgitter e.V."]
[BlackTeam "SF Neuberg"]

1. c4 Nf6 2. Nf3 g6 3. g3 Bg7 4. Bg2 O-O 5. O-O d6 6. d4 Nc6 7. Nc3 a6 8. e4 Bg4 9. h3 Bxf3 10. Bxf3 e5 11. d5 Nd4 12. Bg2 c5 13. dxc6 bxc6 14. Be3 Rb8 15. b3 Qa5 16. Qd2 Qxc3 0-1

[Event "35. DSenEM 50+"]
[Site "Bad Wildungen"]
[Date "2023.07.19"]
[Round "3.9"]
[White "Jahn, Peter"]
[Black "Schmitt, Carsten"]
[Result "1-0"]
[WhiteElo "2077"]
[BlackElo "1875"]
[PlyCount "39"]
[EventDate "2023.??.??"]
[WhiteTeam "Husumer SV von 1898"]
[BlackTeam "SV Bergwinkel"]

1. d4 Nf6 2. Nf3 e6 3. g3 d5 4. Bg2 c5 5. O-O Nc6 6. c4 Be7 7. cxd5 exd5 8. dxc5 Bxc5 9. a3 Ne4 10. Nfd2 Bf5 11. Nxe4 Bxe4 12. Bxe4 dxe4 13. Qc2 Qe7 14. Nc3 e3 15. Bxe3 Bxe3 16. Nd5 Bxf2+ 17. Rxf2 Qe5 18. Rf5 Qb8 19. Qe4+ Kf8 20. Rxf7+ 1-0

[Event "35. DSenEM 50+"]
[Site "Bad Wildungen"]
[Date "2023.07.19"]
[Round "3.10"]
[White "Birkholz, Axel"]
[Black "Schell, Franz Juergen"]
[Result "1/2-1/2"]
[WhiteElo "1843"]
[BlackElo "2069"]
[Annotator "hugo5"]
[PlyCount "68"]
[EventDate "2023.??.??"]
[WhiteTeam "SR Spaichingen"]
[BlackTeam "Bramfelder SK 1947 e.V."]

1. e4 e5 2. Nf3 d6 3. d4 Nd7 4. Bc4 c6 5. Ng5 Nh6 6. O-O Nb6 7. Bb3 Be7 8. Nf3 Ng4 9. h3 Nf6 10. Nc3 Qc7 11. Be3 O-O 12. a4 Nbd7 13. a5 exd4 14. Bxd4 Ne5 15. Qe2 Nxf3+ 16. Qxf3 Be6 17. Bxe6 fxe6 18. Qe3 c5 19. Bxf6 Bxf6 20. Nb5 Qc6 21. Nc3 Bd4 22. Qe2 Rf4 23. g3 Rf6 24. Kh2 Bxc3 25. bxc3 d5 26. e5 Rf7 27. f4 b5 28. axb6 axb6 29. Rxa8+ Qxa8 30. Qb5 Qb8 31. Rb1 g5 32. Qxb6 Qxb6 33. Rxb6 gxf4 34. Rxe6 fxg3+ {(=)} 1/2-1/2

[Event "35. DSenEM 50+"]
[Site "Bad Wildungen"]
[Date "2023.07.19"]
[Round "3.11"]
[White "Gerks, Joachim"]
[Black "Cmiel, Thorsten"]
[Result "0-1"]
[WhiteElo "1765"]
[BlackElo "2038"]
[PlyCount "98"]
[EventDate "2023.??.??"]
[WhiteTeam "SK Norderstedt von 1975"]
[BlackTeam "Koelner Schachklub Dr.Lasker 186"]

1. e4 g6 2. d4 Bg7 3. c3 d5 4. exd5 Qxd5 5. Qf3 Nf6 6. Qxd5 Nxd5 7. Bd3 O-O 8. Ne2 Nd7 9. Nf4 Nxf4 10. Bxf4 e5 11. dxe5 Nxe5 12. Be2 c6 13. O-O Bf5 14. Rd1 Rfd8 15. Rxd8+ Rxd8 16. Nd2 Nd3 17. Bxd3 Bxd3 18. Re1 Bf6 19. h3 Kg7 20. Nf3 Bc4 21. a3 Bd5 22. Nd4 a6 23. Be3 c5 24. Ne2 b6 25. Rd1 Bc4 26. Rxd8 Bxd8 27. Kf1 Kf8 28. Ke1 Ke8 29. g3 Kd7 30. h4 Kc6 31. Nf4 Kb5 32. Kd2 f6 33. Nh3 Bf7 34. f4 Be6 35. Nf2 h5 36. Nd3 Bf5 37. Nc1 a5 38. Kd1 Kc4 39. Kd2 a4 40. Kd1 Be7 41. Kd2 Be4 42. Kd1 b5 43. Kd2 f5 44. Bf2 Bf6 45. Be1 b4 46. axb4 cxb4 47. Na2 b3 48. Nb4 a3 49. Kc1 a2 0-1

[Event "35. DSenEM 50+"]
[Site "Bad Wildungen"]
[Date "2023.07.19"]
[Round "3.12"]
[White "Porth, Hartmut"]
[Black "Domnick, Michael"]
[Result "0-1"]
[WhiteElo "1954"]
[BlackElo "1742"]
[PlyCount "114"]
[EventDate "2023.??.??"]
[WhiteTeam "SV Bargteheide"]
[BlackTeam "Turnverein Witzhelden 1884 e. V."]

1. e4 d5 2. exd5 Qxd5 3. Nc3 Qa5 4. d4 Nf6 5. Bc4 Ne4 6. Qf3 Bf5 7. Nge2 e6 8. O-O Nxc3 9. Qxb7 Nxe2+ 10. Bxe2 Qd5 11. Bf3 Qxb7 12. Bxb7 Bd6 13. Bxa8 c6 14. Be3 Kd7 15. d5 exd5 16. b4 Be5 17. Rac1 d4 18. Bd2 a6 19. a4 Rc8 20. Rfe1 Bd6 21. b5 axb5 22. axb5 cxb5 23. Be4 Bxe4 24. Rxe4 Nc6 25. g4 Ne5 26. Kg2 Rc4 27. h3 Kc6 28. Bf4 f6 29. Bxe5 fxe5 30. Ree1 Kd5 31. Rb1 b4 32. Re2 Rc3 33. f3 Kc4 34. Ra1 Ra3 35. Rd1 Ra2 36. Red2 Bc5 37. Kf1 Ra3 38. Rd3 Ra2 39. R1d2 Be7 40. f4 Rxc2 41. fxe5 Rxd2 42. Rxd2 Kc3 43. Ke2 b3 44. Rd3+ Kc4 45. Rd1 Bg5 46. e6 b2 47. Rb1 Kc3 48. Rxb2 Kxb2 49. Kd3 Bf6 50. h4 Bxh4 51. Kxd4 Kc2 52. Ke4 Be7 53. Kd4 Kd2 54. Ke4 Ke2 55. Kf4 Kf2 56. g5 g6 57. Kg4 Ke3 0-1

[Event "35. DSenEM 50+"]
[Site "Bad Wildungen"]
[Date "2023.07.19"]
[Round "3.13"]
[White "Noldt, Torsten"]
[Black "Kozlov, Oleksandr"]
[Result "1/2-1/2"]
[WhiteElo "1989"]
[BlackElo "1850"]
[Annotator "hugo5"]
[PlyCount "41"]
[EventDate "2023.??.??"]
[WhiteTeam "Elmshorner SC von 1896"]

1. c4 Nf6 2. g3 g6 3. Bg2 Bg7 4. Nc3 O-O 5. Nf3 d6 6. d4 Nbd7 7. O-O c6 8. Bg5 h6 9. Bd2 Qc7 10. Qc1 Kh7 11. Qc2 e5 12. Rac1 Rd8 13. Rfd1 Nf8 14. d5 Bf5 15. e4 Nxe4 16. Nxe4 cxd5 17. cxd5 Qxc2 18. Rxc2 Bxe4 19. Ng5+ hxg5 20. Bxe4 f5 21. Bg2 {(=)} 1/2-1/2

[Event "35. DSenEM 50+"]
[Site "Bad Wildungen"]
[Date "2023.07.19"]
[Round "3.14"]
[White "Schneider, Birgit"]
[Black "Goeldenboog, Juergen"]
[Result "1/2-1/2"]
[WhiteElo "1829"]
[BlackElo "1984"]
[Annotator "hugo5"]
[PlyCount "33"]
[EventDate "2023.??.??"]
[WhiteTeam "SC Niefern-Oeschelbronn"]
[BlackTeam "Schachverein Horst-Emscher 31"]

1. e4 c6 2. d4 d5 3. exd5 cxd5 4. c4 Nf6 5. Nc3 g6 6. Qb3 Bg7 7. cxd5 O-O 8. Be2 a5 9. Bf3 Na6 10. a3 Ra7 11. Nge2 b6 12. Nb5 Rd7 13. d6 exd6 14. O-O Bb7 15. Bg5 Bxf3 16. Qxf3 Qa8 17. Qxa8 {(=)} 1/2-1/2

[Event "35. DSenEM 50+"]
[Site "Bad Wildungen"]
[Date "2023.07.19"]
[Round "3.15"]
[White "Kopischke, Maik"]
[Black "Stern, Geoffrey"]
[Result "1/2-1/2"]
[WhiteElo "1800"]
[BlackElo "1959"]
[PlyCount "38"]
[EventDate "2023.??.??"]
[WhiteTeam "SG Weissensee 49 e.V."]
[BlackTeam "Gambit Bonnevoie"]

1. c4 e6 2. g3 d5 3. Bg2 Nf6 4. Nf3 dxc4 5. Qa4+ Bd7 6. Qxc4 c5 7. Ne5 Qc8 8. Qd3 Nc6 9. Nxd7 Nxd7 10. Nc3 Be7 11. b3 O-O 12. Bb2 Rd8 13. Rc1 Nf6 14. Qb1 Qd7 15. d3 Rac8 16. O-O b6 17. Rfd1 Nd4 18. e3 Nc6 19. Ne2 Nd5 1/2-1/2

[Event "35. DSenEM 50+"]
[Site "Bad Wildungen"]
[Date "2023.07.19"]
[Round "3.16"]
[White "Papenfuss, Kai"]
[Black "Hoffmann, Michael"]
[Result "0-1"]
[WhiteElo "1726"]
[BlackElo "1942"]
[PlyCount "60"]
[EventDate "2023.??.??"]
[WhiteTeam "SV Bad Bevensen"]
[BlackTeam "Gardez Robe"]

1. e4 c5 2. Nc3 Nc6 3. g3 g6 4. Bg2 Bg7 5. d3 d6 6. Be3 e5 7. Nge2 Nge7 8. O-O O-O 9. f4 Nd4 10. h3 Be6 11. g4 f5 12. gxf5 gxf5 13. Ng3 Qd7 14. Kh2 Rae8 15. Nh5 Bh6 16. Qd2 Ng6 17. exf5 Nxf5 18. Nd5 Qd8 19. Bf2 Kh8 20. Ne3 Nxf4 21. Nxf5 Rxf5 22. Ng3 Rf6 23. Be3 Rg8 24. Rf2 Rfg6 25. Bxf4 exf4 26. Nh5 f3 27. Qc3+ Bg7 28. Nxg7 R8xg7 29. Bxf3 Qh4 30. Bg2 Qxf2 0-1

[Event "35. DSenEM 50+"]
[Site "Bad Wildungen"]
[Date "2023.07.19"]
[Round "3.17"]
[White "Fiedler, Wolfgang"]
[Black "Schaefer, Lutz"]
[Result "0-1"]
[WhiteElo "1981"]
[BlackElo "1841"]
[PlyCount "107"]
[EventDate "2023.??.??"]
[WhiteTeam "SC Schwarz-Weiss Nuernberg Sued"]
[BlackTeam "SV Vimbuch"]

1. f4 d5 2. Nf3 Nf6 3. d4 Bg4 4. e3 e6 5. Be2 a6 6. Nbd2 c5 7. c3 Nc6 8. O-O h5 9. h3 Bf5 10. Ne5 h4 11. Nxc6 bxc6 12. Qa4 Qb6 13. Nf3 c4 14. Ne5 Qb5 15. Bd1 c5 16. Bc2 Ne4 17. Qxb5+ axb5 18. Bxe4 Bxe4 19. Nf3 Bxf3 20. Rxf3 f5 21. Bd2 Be7 22. a3 b4 23. dxc5 bxa3 24. bxa3 Kd7 25. a4 Rhb8 26. Ra2 Kc6 27. Rf1 Bxc5 28. Rfa1 Rb3 29. Kf2 Be7 30. Ke2 Bf6 31. Rc2 Kb6 32. Be1 Ka5 33. Kd2 Rg8 34. Ke2 g5 35. fxg5 Rxg5 36. Kf3 Rg8 37. Kf2 Rg3 38. Bd2 Be7 39. Kf1 Ba3 40. Be1 Rxe3 41. Bxh4 Bb2 42. Re1 Rxe1+ 43. Bxe1 Kxa4 44. Re2 Bxc3 45. Bxc3 Rxc3 46. Rxe6 d4 47. Rf6 d3 48. Rxf5 Rc1+ 49. Kf2 Rc2+ 50. Kf1 c3 51. Rd5 Rc1+ 52. Kf2 d2 53. Ke2 Re1+ 54. Kf2 0-1

[Event "35. DSenEM 50+"]
[Site "Bad Wildungen"]
[Date "2023.07.19"]
[Round "3.18"]
[White "Herold, Hansjoerg"]
[Black "Sakkal, Cherin"]
[Result "1/2-1/2"]
[WhiteElo "1836"]
[BlackElo "1967"]
[Annotator "hugo5"]
[PlyCount "60"]
[EventDate "2023.??.??"]
[WhiteTeam "SV 23 Boeckingen"]
[BlackTeam "SC Haar 1931"]

1. e4 e5 2. Nf3 Nc6 3. Bc4 Nf6 4. d3 Bc5 5. O-O d6 6. h3 Bb6 7. c3 Ne7 8. a4 c6 9. Bg5 Ng6 10. a5 Bxa5 11. Bxf6 gxf6 12. d4 Bc7 13. Qd2 Nf4 14. Kh1 Rg8 15. Rg1 Qd7 16. Bf1 Rg6 17. Nh4 Rg5 18. c4 Bb6 19. d5 Qe7 20. Nc3 Qf8 21. Kh2 Qh6 22. Nf5 Bxf5 23. exf5 O-O-O 24. Ne4 Rh5 25. Ra3 cxd5 26. cxd5 Bd4 27. Qc2+ Kb8 28. Be2 Nxe2 29. Qxe2 Qf4+ 30. Kh1 Rh6 {(=)} 1/2-1/2

[Event "35. DSenEM 50+"]
[Site "Bad Wildungen"]
[Date "2023.07.19"]
[Round "3.19"]
[White "Dreke, Frank"]
[Black "Lebioda-Dette, Kordula"]
[Result "1-0"]
[WhiteElo "1944"]
[BlackElo "1701"]
[PlyCount "61"]
[EventDate "2023.??.??"]
[WhiteTeam "SV Mattnetz Berlin e.V."]
[BlackTeam "SF Essen-Werden 1924/80"]

1. e4 e5 2. Nf3 Nc6 3. Bc4 d6 4. d4 exd4 5. c3 Bg4 6. Qb3 Qe7 7. Ng5 Nd8 8. f3 Bc8 9. f4 h6 10. Nf3 Nf6 11. O-O dxc3 12. Nxc3 Ne6 13. Be3 c6 14. a4 g6 15. f5 Nc7 16. Rae1 Bg7 17. e5 dxe5 18. Nxe5 O-O 19. Nxg6 Qd8 20. Rd1 Ncd5 21. Nxf8 Qxf8 22. Nxd5 Nxd5 23. Bxd5 cxd5 24. Rxd5 Bf6 25. Bc5 Qe8 26. Qg3+ Kh7 27. Bd4 Qc6 28. Bxf6 Qxf6 29. Rd6 Qg5 30. Qe5 b6 31. Qd5 1-0

[Event "35. DSenEM 50+"]
[Site "Bad Wildungen"]
[Date "2023.07.19"]
[Round "3.20"]
[White "Arndt, Olaf"]
[Black "Bigott, Martin"]
[Result "1-0"]
[WhiteElo "1871"]
[BlackElo "1768"]
[PlyCount "27"]
[EventDate "2023.??.??"]
[WhiteTeam "Schachverein Horst-Emscher 31"]
[BlackTeam "Schachklub Koeln-Suedwest"]

1. e4 c5 2. Nf3 d6 3. Nc3 g6 4. d4 cxd4 5. Qxd4 Nf6 6. e5 dxe5 7. Qxd8+ Kxd8 8. Nxe5 Be6 9. Bf4 Nbd7 10. O-O-O a6 11. Be2 h5 12. Bf3 Kc8 13. Rhe1 Bh6 14. Nxg6 1-0

[Event "35. DSenEM 50+"]
[Site "Bad Wildungen"]
[Date "2023.07.19"]
[Round "3.21"]
[White "Bauer, Werner"]
[Black "Hafenstein, Andrea"]
[Result "1-0"]
[WhiteElo "1813"]
[BlackElo "1799"]
[PlyCount "155"]
[EventDate "2023.??.??"]
[WhiteTeam "SV Weiss-Blau Allianz Muenchen"]
[BlackTeam "Rodewischer Schachmiezen"]

1. Nf3 g6 2. e4 d5 3. exd5 Qxd5 4. Nc3 Qa5 5. d4 c6 6. h3 Bg7 7. Bf4 Nf6 8. Qd2 b5 9. Bd3 O-O 10. O-O Bb7 11. a3 Nbd7 12. b4 Qd8 13. a4 a6 14. Bh2 Nb6 15. Rfe1 Re8 16. a5 Nbd5 17. Ne4 Nxe4 18. Bxe4 Rc8 19. c3 e6 20. Ne5 f6 21. Nd3 Re7 22. Re2 Ra8 23. Rae1 Bc8 24. Bf3 Kf7 25. Nc5 Re8 26. Bg3 Bf8 27. Nd3 Ra7 28. Bg4 h5 29. Bf3 Bd6 30. Bh4 Rh8 31. Ne5+ Bxe5 32. dxe5 g5 33. Qd4 Rd7 34. Bxd5 Rxd5 35. Qa7+ Rd7 36. Qc5 gxh4 37. exf6 Rd6 38. Re3 Rd1 39. Qa7+ Rd7 40. Qc5 Rd6 41. Qg5 Rh7 42. Qxh4 Rd1 43. Qe4 Rxe1+ 44. Rxe1 Rh6 45. Re3 Qd5 46. Qh4 Rxf6 47. Rg3 Rf5 48. Re3 e5 49. g4 Rf6 50. Qxh5+ Rg6 51. Qxe5 Qxe5 52. Rxe5 Rd6 53. Re3 Rd5 54. Kg2 c5 55. bxc5 Rxc5 56. Kg3 Rc4 57. Rf3+ Kg6 58. Rd3 Kf6 59. f4 b4 60. cxb4 Rxb4 61. Ra3 Be6 62. h4 Bd5 63. h5 Bf7 64. Rd3 Bc4 65. Rd6+ Ke7 66. Rd4 Ra4 67. h6 Kf7 68. Kh4 Kg6 69. Rd6+ Kh7 70. Kg5 Rxa5+ 71. f5 Rc5 72. Rd7+ Kg8 73. Kg6 Rc6+ 74. f6 Rc8 75. g5 Rf8 76. h7+ Kh8 77. Kh6 Bb5 78. g6 1-0

[Event "35. DSenEM 50+"]
[Site "Bad Wildungen"]
[Date "2023.07.19"]
[Round "3.22"]
[White "Brixius, Dirk"]
[Black "Warnk, Torsten"]
[Result "1/2-1/2"]
[WhiteElo "1748"]
[BlackElo "1733"]
[Annotator "hugo5"]
[PlyCount "118"]
[EventDate "2023.??.??"]
[WhiteTeam "SF Essen-Werden 1924/80"]
[BlackTeam "Sges Bensheim 1931"]

1. c4 c5 2. Nc3 Nc6 3. g3 g6 4. Bg2 Bg7 5. a3 Nf6 6. Rb1 O-O 7. b4 cxb4 8. axb4 d6 9. d3 Rb8 10. Nf3 Ng4 11. Bd2 Nge5 12. b5 Nxf3+ 13. Bxf3 Ne5 14. Bg2 f5 15. Qb3 Kh8 16. O-O Nd7 17. Qa3 a6 18. Nd5 axb5 19. Rxb5 Nf6 20. Ba5 Qe8 21. Bc7 Bd7 22. Nxf6 Bxf6 23. Rxb7 Rxb7 24. Bxb7 Bc6 25. Qa6 Bxb7 26. Qxb7 Qd7 {(=)} 27. Rb1 f4 28. Qa7 fxg3 29. hxg3 Qg4 30. Rb8 Rxb8 31. Qxb8+ Kg7 32. Qb7 Qxe2 33. Bxd6 Qxd3 34. Bxe7 Qxc4 35. Bxf6+ Kxf6 36. Qxh7 Qc1+ 37. Kh2 Qc5 38. Qh4+ Kg7 39. Qf4 Qh5+ 40. Kg2 Qd5+ 41. Qf3 Qd7 42. g4 g5 43. Qe4 Kf6 44. f3 Qd2+ 45. Kh3 Qd7 {(=)} 46. Qb1 Qd5 47. Qb6+ Kg7 48. Qc7+ Kg6 49. Qc3 Qb5 50. Qe1 Kf6 51. Qe3 Qd5 52. Kg3 Qd6+ 53. f4 Qxf4+ 54. Qxf4+ gxf4+ 55. Kxf4 Kg6 56. g5 Kg7 57. Kf5 Kf7 58. g6+ Kg7 59. Kg5 Kg8 1/2-1/2

[Event "35. DSenEM 50+"]
[Site "Bad Wildungen"]
[Date "2023.07.20"]
[Round "4.1"]
[White "Schneider, Michael"]
[Black "Wacker, Peter"]
[Result "0-1"]
[WhiteElo "2025"]
[BlackElo "2285"]
[PlyCount "170"]
[EventDate "2023.??.??"]
[WhiteTeam "SC Niefern-Oeschelbronn"]
[BlackTeam "Klub Koelner Schachfreunde e. V."]

1. Nf3 Nf6 2. g3 d5 3. Bg2 Nc6 4. d4 Bf5 5. O-O h6 6. c4 e6 7. Nc3 Bd6 8. cxd5 exd5 9. Nb5 O-O 10. Nxd6 Qxd6 11. Bf4 Qe7 12. Rc1 Be4 13. Ne5 Nd8 14. f3 Bh7 15. Qb3 c6 16. Bd2 Re8 17. Bh3 Ne6 18. e3 Qc7 19. Ng4 Nd7 20. Rfe1 Qb6 21. Qa3 a5 22. Bc3 Red8 23. Qe7 Ng5 24. Bg2 Ne6 25. Bh3 Qc7 26. Nf2 Re8 27. Qa3 b5 28. Qb3 Nb6 29. Re2 Nc4 30. Qd1 Ng5 31. Bg2 Rxe3 32. b3 Rxe2 33. Qxe2 Nd6 34. Bd2 Re8 35. Qd1 Qb6 36. Bxg5 hxg5 37. Bh3 Bf5 38. g4 Bg6 39. Qd2 f6 40. Bf1 b4 41. Kg2 Kf8 42. Rc5 Nb7 43. Rc1 Nd8 44. Nh1 Ne6 45. Rd1 Nf4+ 46. Kf2 c5 47. Ng3 cxd4 48. Qxd4 Qxd4+ 49. Rxd4 Rc8 50. Rd2 Rc2 51. Ke3 Rxd2 52. Kxd2 Ke7 53. Bb5 Ke6 54. Bc6 Ke5 55. Bb5 Ne6 56. Bd3 Bxd3 57. Kxd3 Kf4 58. Ke2 Nd4+ 59. Kf2 g6 60. h3 Ke5 61. Ke3 Ne6 62. Ne2 d4+ 63. Kd2 Nf4 64. Nc1 Kd5 65. Kc2 Nxh3 66. Nd3 Nf4 67. Nf2 f5 68. Kd2 Ke5 69. Kd1 Nd5 70. Nd3+ Kd6 71. Kd2 Nf4 72. Nf2 Kd5 73. Kd1 d3 74. Kd2 Kd4 75. Nd1 fxg4 76. fxg4 Ne6 77. Ne3 Nc5 78. Nc4 a4 79. Na5 axb3 80. axb3 Ke4 81. Nc6 Nxb3+ 82. Kd1 Nd4 83. Nxb4 Nf3 84. Kc1 Ne5 85. Kd2 Kd4 0-1

[Event "35. DSenEM 50+"]
[Site "Bad Wildungen"]
[Date "2023.07.20"]
[Round "4.2"]
[White "Syre, Christian"]
[Black "Willsch, Matthias"]
[Result "1/2-1/2"]
[WhiteElo "2169"]
[BlackElo "2097"]
[PlyCount "34"]
[EventDate "2023.??.??"]
[WhiteTeam "SC Kreuzberg e.V."]
[BlackTeam "Preetzer TSV"]

1. d4 d5 2. Bf4 Nf6 3. e3 e6 4. Nf3 c5 5. c3 Bd6 6. Bg3 O-O 7. Nbd2 b6 8. Qc2 cxd4 9. exd4 Ba6 10. Bxa6 Nxa6 11. O-O Rc8 12. a3 Nb8 13. Ne5 Nc6 14. Nxc6 Rxc6 15. Rae1 b5 16. Nf3 a5 17. Ne5 Rc7 1/2-1/2

[Event "35. DSenEM 50+"]
[Site "Bad Wildungen"]
[Date "2023.07.20"]
[Round "4.3"]
[White "Lindam, Ingo"]
[Black "Metz, Hartmut"]
[Result "1/2-1/2"]
[WhiteElo "2136"]
[BlackElo "2175"]
[PlyCount "138"]
[EventDate "2023.??.??"]
[WhiteTeam "Schachclub Hilchenbach"]
[BlackTeam "SG Rochade Kuppenheim 1979 e.V."]

1. d4 Nf6 2. c4 e6 3. g3 d5 4. Nf3 c6 5. Bg2 Nbd7 6. O-O b6 7. Nbd2 Bb7 8. Qc2 Be7 9. e4 dxe4 10. Nxe4 Nxe4 11. Qxe4 O-O 12. Rd1 Rc8 13. Bf4 Re8 14. Rac1 h6 15. h4 Bf8 16. Qe2 Qf6 17. Ne5 Nxe5 18. Bxe5 Qe7 19. c5 Qd7 20. Be4 f6 21. Bf4 g5 22. hxg5 hxg5 23. Be3 f5 24. Bg2 Qg7 25. Qh5 Be7 26. f4 Qf7 27. Qxf7+ Kxf7 28. fxg5 bxc5 29. dxc5 Red8 30. Kf2 Rxd1 31. Rxd1 Rd8 32. Rxd8 Bxd8 33. b4 a6 34. a4 e5 35. b5 axb5 36. axb5 e4 37. b6 Kg6 38. g4 Bxg5 39. gxf5+ Kxf5 40. Bh3+ Kf6 41. Bxg5+ Kxg5 42. Ke3 Kf6 43. Kxe4 Ba6 44. Kd4 Bb7 45. Bd7 Ke7 46. Bg4 Kf6 47. Bh3 Ba6 48. Kc3 Ke5 49. Kb4 Kd4 50. Ka5 Bb7 51. Kb4 Kd5 52. Bf1 Kd4 53. Bc4 Bc8 54. Be2 Bb7 55. Bf1 Kd5 56. Ka5 Kxc5 57. Ba6 Ba8 58. Bc8 Kd4 59. Ka6 c5 60. Bb7 Bxb7+ 61. Kxb7 c4 62. Ka7 c3 63. b7 c2 64. b8=Q c1=Q 65. Qd6+ Ke4 66. Qe6+ Kd3 67. Qd5+ Ke2 68. Qe4+ Qe3+ 69. Qxe3+ Kxe3 1/2-1/2

[Event "35. DSenEM 50+"]
[Site "Bad Wildungen"]
[Date "2023.07.20"]
[Round "4.4"]
[White "Zude, Arno"]
[Black "Balzer, Lars"]
[Result "0-1"]
[WhiteElo "2348"]
[BlackElo "2016"]
[PlyCount "106"]
[EventDate "2023.??.??"]
[WhiteTeam "SV 1920 Hofheim"]
[BlackTeam "OSG Baden-Baden"]

1. e4 c5 2. Nf3 d6 3. d4 cxd4 4. Nxd4 Nf6 5. Nc3 g6 6. Be3 Bg7 7. f3 O-O 8. Qd2 Nc6 9. Bc4 Bd7 10. O-O-O Rb8 11. Bb3 Na5 12. Kb1 b5 13. Bg5 Nc4 14. Bxc4 bxc4 15. Ka1 Qb6 16. Rb1 Rfe8 17. Be3 Qa6 18. g4 Rec8 19. h4 Rc5 20. h5 Ra5 21. hxg6 fxg6 22. Bh6 Bh8 23. Rhe1 Rb6 24. Rbd1 Rb7 25. Qc1 Be8 26. Bg5 Bf7 27. Nde2 Qb6 28. Be3 Qa6 29. Bd4 Bg7 30. g5 Nd7 31. Bxg7 Kxg7 32. Rh1 Bg8 33. Qf4 Rbb5 34. Qh4 Nc5 35. Qh6+ Kf7 36. Nd4 Rxa2+ 37. Nxa2 Ra5 38. Kb1 Rxa2 39. c3 Qa4 40. Kc1 Nd3+ 41. Kd2 e5 42. Nf5 gxf5 43. exf5 Rxb2+ 44. Ke3 Qc6 45. g6+ Ke8 46. f6 Qc5+ 47. Ke4 d5+ 48. Kf5 Qc8+ 49. Kg5 Rg2+ 50. Kh4 Rxg6 51. Qh5 Qe6 52. Rxd3 Qxf6+ 53. Kh3 Be6+ 0-1

[Event "35. DSenEM 50+"]
[Site "Bad Wildungen"]
[Date "2023.07.20"]
[Round "4.5"]
[White "Heck, Norbert"]
[Black "Marquardt, Christian"]
[Result "1/2-1/2"]
[WhiteElo "2199"]
[BlackElo "1995"]
[Annotator "hugo5"]
[PlyCount "35"]
[EventDate "2023.??.??"]
[WhiteTeam "SF Neuberg"]
[BlackTeam "SV 03/25 Koblenz"]

1. Nf3 Nf6 2. c4 d6 3. g3 g6 4. Bg2 Bg7 5. d4 O-O 6. Nc3 Nc6 7. O-O a6 8. h3 Rb8 9. Be3 b5 10. Nd2 Bd7 11. cxb5 axb5 12. Rc1 Qc8 13. Kh2 e6 14. Nde4 Qa6 15. Qd2 Ne8 16. b3 b4 17. Na4 Ne7 18. Bh6 {(=)} 1/2-1/2

[Event "35. DSenEM 50+"]
[Site "Bad Wildungen"]
[Date "2023.07.20"]
[Round "4.6"]
[White "Hoffmann, Michael"]
[Black "Schatz, Christian"]
[Result "1/2-1/2"]
[WhiteElo "1942"]
[BlackElo "2168"]
[Annotator "hugo5"]
[PlyCount "90"]
[EventDate "2023.??.??"]
[WhiteTeam "Gardez Robe"]
[BlackTeam "SC Postbauer-Heng e.V."]

1. d4 Nf6 2. Nf3 g6 3. e3 Bg7 4. Be2 O-O 5. b3 d6 6. Bb2 Nbd7 7. c4 e5 8. dxe5 Ng4 9. Qc2 Ngxe5 10. Nc3 Nxf3+ 11. Bxf3 Ne5 12. Be2 Bf5 13. e4 Be6 14. Rd1 Qh4 15. O-O f5 16. f4 Ng4 17. Bxg4 Qxg4 18. Nb5 Rf7 19. Bxg7 Rxg7 20. Nd4 Bd7 21. exf5 gxf5 22. Rd3 Qh4 23. Re3 Qf6 24. Qd2 Re8 25. Rxe8+ Bxe8 26. Re1 Bd7 27. Qe3 Kf8 28. Ne6+ Qxe6 29. Qxe6 Bxe6 30. Rxe6 Kf7 31. Re3 Rg4 32. g3 Rg8 33. Kf2 Rd8 34. h3 h5 35. Kf3 Kf6 36. g4 fxg4+ 37. hxg4 hxg4+ 38. Kxg4 Rg8+ 39. Kf3 Rh8 40. Kg4 Rh2 41. a3 Rg2+ 42. Kf3 Ra2 43. a4 Rd2 44. Ke4 c6 45. Rh3 Re2+ {(=)} 1/2-1/2